| 000 | 00885cam a22001934a 4500 | ||
|---|---|---|---|
| 005 | 20250605164401.0 | ||
| 008 | 250528s ||||||||||||||||||||||||d | ||
| 035 | _a24590 | ||
| 040 |
_aGR-AtMCL _bgre _dGR-AtMCL _eAACR2 |
||
| 245 | 1 | _aΑσφάλιση και Ασφάλεια | |
| 260 | _c2019 | ||
| 300 | _a112 | ||
| 520 | _aΕγκληματικότητα και Σύγχρονες Μορφές Αστυνόμευσης, 'Short Time Experts' και 'Health Safety Security Intelligence Officers', Επιλέγοντας Συστήματα NVR ή VMS, Αναγνώριση και Ανίχνευση Προσώπου, Ψευδείς Συναγερμοί και Οπτική Επαλήθευση μέσω Βίντεο. | ||
| 700 | 1 |
_aΑμανατίδης Βλάσης _99485 |
|
| 700 | 1 |
_aΝόστης Κώστας _99486 |
|
| 942 | _cCR | ||
| 999 |
_c9460 _d9460 |
||